WEALTH OF INDIA; RAW MATERIALS;FISH AND FISHERIES (Record no. 12049)

MARC details
000 -LEADER
fixed length control field 00357nam a22001457a 4500
003 - CONTROL NUMBER IDENTIFIER
control field OSt
008 - FIXED-LENGTH DATA ELEMENTS--GENERAL INFORMATION
fixed length control field 230512b |||||||| |||| 00| 0 eng d
100 ## - MAIN ENTRY--PERSONAL NAME
Personal name NSIR
245 ## - TITLE STATEMENT
Title WEALTH OF INDIA; RAW MATERIALS;FISH AND FISHERIES
250 ## - EDITION STATEMENT
Edition statement Reprient 2017
260 ## - PUBLICATION, DISTRIBUTION, ETC. (IMPRINT)
Place of publication, distribution, etc New Delhi
Name of publisher, distributor, etc NISCAIR
300 ## - PHYSICAL DESCRIPTION
Extent iv,132,xv
650 ## - SUBJECT ADDED ENTRY--TOPICAL TERM
Topical term or geographic name as entry element PHARMACOGNOSY
942 ## - ADDED ENTRY ELEMENTS (KOHA)
Source of classification or shelving scheme Dewey Decimal Classification
Koha item type Reference Books
Holdings
Withdrawn status Lost status Source of classification or shelving scheme Damaged status Not for loan Collection code Home library Current library Date acquired Source of acquisition Currency Cost, normal purchase price Serial Enumeration / chronologySerial Enumeration / Volume No. Bill Number Total Checkouts Full call number Acc. no. / Barcode Date last seen Actual Cost, discounted price Bill Date Koha item type
    Dewey Decimal Classification     B.Pharma PIET C-LIBRARY PIET C-LIBRARY 06/05/2023 Sangam Book Depot RUPEES 557.00 IV IN-00023   598.297 COW BP2116 12/05/2023 501.00 06/05/2023 Reference Books

Design & Developed by: PIET Central Library
R70 Miles Stone Pattikalyana Samalkha Panipat 132102
mail ID :- [email protected], Phone No:- 0180-2569700 Ex.216